000 00650 a2200217 4500
003 dpl
005 20170919171336.0
008 170919b xxu||||| |||| 00| 0 eng d
010 _aENG-120817
020 _a9788131252321
_c750.00
035 _aEN-104349
037 _bDBAD / PUB
040 _c-
082 1 4 _a346.5404
100 1 _aPradhan Saxena, Poonam
245 1 _aProperty law /
_cby Poonam Pradhan Saxena
260 _aGurgaon
_bLexis Nexis
_c2017
270 _a14th Floor, Building N0-10,Tower-B DLF Cyber City Phase-II
_bGurgaon
_e122002
300 _acIxxxiv,682p.
_c23cm (Pbk)
942 _cEN
_2ddc
_h346.5404
_mPRA
999 _c145014
_d145014